LE FUTUR PASSE: CONTRIBUTION A'LA SEMANTIQUE DES TEMPS HISTORIQUES / (Record no. 16411)
[ view plain ]
| 000 -الفاتح | |
|---|---|
| حقل البيانات ثابتة الطول | 00627nam a2200217Ia 4500 |
| 008 - عناصر البيانات ثابتة الطول - معلومات عامة | |
| حقل البيانات ثابتة الطول | 140319s9999 xx 000 0 eng d |
| 040 ## - مصدر الفهرسة | |
| وكالة الفهرسة الأصلية | GCL / |
| وكالة النسخ | GCL |
| 082 04 - رقم تصنيف ديوى العشرى | |
| رقم التصنيف | 409 |
| رقم المادة | K F |
| 100 1# - المدخل الرئيسى - إسم شخصى | |
| الإسم الشخصى | KASELLECK, REINHART |
| 245 10 - بيان العنوان | |
| العنوان | LE FUTUR PASSE: CONTRIBUTION A'LA SEMANTIQUE DES TEMPS HISTORIQUES / |
| بيان المسئوليه,etc | KASELLECK, REINHART |
| 700 1# - المدخل الاضافى - اسم شخصى | |
| الإسم الشخصى | HOOCK, JOCHEN |
| 700 1# - المدخل الاضافى - اسم شخصى | |
| الإسم الشخصى | HOOCK, MARI - CLARIE |
| 260 ## - PUBLICATION, DISTRIBUTION, ETC. (IMPRINT) | |
| تاريخ النشر أو التوزيع | 1990 |
| 300 ## - الوصف المادى | |
| التعداد | 334 P |
| 650 04 - المدخل الاضافى بالموضوع-مصطلح موضوعى | |
| مصطلح موضوعي | LINGUISTICS |
| 650 04 - المدخل الاضافى بالموضوع-مصطلح موضوعى | |
| مصطلح موضوعي | LANGUAGES |
| 650 04 - المدخل الاضافى بالموضوع-مصطلح موضوعى | |
| مصطلح موضوعي | LANGUAGE - HISTORY |
| 650 04 - المدخل الاضافى بالموضوع-مصطلح موضوعى | |
| مصطلح موضوعي | LINGUISTICS - HISTORY |
| 942 ## - عناصر المدخل الإضافي( كوها) | |
| مصدر التصنيف او مخطط الترفيف | Dewey Decimal Classification |
| Koha [default] item type | كتاب |
| 260 ## - PUBLICATION, DISTRIBUTION, ETC. (IMPRINT) | |
| -- | [S.N] : |
| -- | EDITIONS DE L'ECOLE DES HAUTES ، |
| حالة التراجع | حالة الفقد | حالة تلف | ليس للاعارة | المكان المؤقت | الموقع الحالى | تاريخ الاكتساب | اجمالي اﻻعارات | رقم الطلب | الباركود | تاريخ اخر مشاهدة | تاريخ تفعيل السعر | نوع وعاء كوها |
|---|---|---|---|---|---|---|---|---|---|---|---|---|
| مكتبة القاهرة الكبرى | مكتبة القاهرة الكبرى | 03/26/2014 | 409\K F | 29828 | 03/26/2014 | 03/26/2014 | كتاب |

